| 000 | 00715nam a2200253Ia 4500 | ||
|---|---|---|---|
| 003 | OSt | ||
| 005 | 20221006153753.0 | ||
| 006 | a|||||r|||| 00| 0 | ||
| 007 | ta | ||
| 008 | 221006b |||||||| |||| 00| 0 chi d | ||
| 020 | _a756001285X | ||
| 024 | _a33,301 | ||
| 037 |
_bGift, PRC _cAnnuals, Advances |
||
| 040 |
_aEASL _cEASL _bchi |
||
| 041 |
_2chi _achi |
||
| 082 | _aP41, 41N8 | ||
| 100 |
_aYAN Ding Chun Au. _9665382 |
||
| 245 | 0 | _aYu Yan Xue Fang Fa Lun = Linguistics | |
| 260 |
_aBeijing _bWai Yu Jiao Xuexi Yanjiu Chubanshe China _c1998 |
||
| 300 |
_a424p. _ccm. |
||
| 490 | _v CL | ||
| 942 |
_hP41, 41N8 _cREF _2CC |
||
| 999 |
_c1101387 _d1101387 |
||